Joven, ¿y tu vocación?
Salvato in:
| Autore principale: | |
|---|---|
| Natura: | Libro |
| Lingua: | spagnolo |
| Pubblicazione: |
Madrid
Promoción Popular Cristiana
1990
|
| Serie: | Colección Pastoral Aplicada, 164
|
| Soggetti: | |
| Tags: |
Aggiungi Tag
Nessun Tag, puoi essere il primo ad aggiungerne!!
|
MARC
| LEADER | 00000nam a2200000 a 4500 | ||
|---|---|---|---|
| 001 | UCG5117 | ||
| 003 | CL-VaPUC | ||
| 008 | 110106e19900000SP |||||||||||||||||spa|d | ||
| 020 | |a 8428809755 | ||
| 082 | 0 | 4 | |a 248.894 |b GEA |2 21 |
| 100 | 0 | |a Gea Escolano, José |e author |9 554682 | |
| 245 | 1 | 0 | |a Joven, ¿y tu vocación? |
| 300 | |a 108 p | ||
| 942 | |c BK | ||
| 945 | |d 20110106 00:00:00 |a dcastane | ||
| 260 | |a Madrid |b Promoción Popular Cristiana |c 1990 | ||
| 650 | 0 | |a Vocación sacerdotal |9 392453 | |
| 650 | 0 | |a Vocación religiosa |9 392452 | |
| 650 | 7 | |a CELIBATO |2 CL-VaPUC |9 334066 | |
| 650 | 0 | |a Pobreza |9 258652 | |
| 650 | 7 | |a DERECHO CANONICO |2 CL-VaPUC |9 554683 | |
| 650 | 7 | |a OBEDIENCIA |2 CL-VaPUC |9 376616 | |
| 583 | |a last modification |c 20110106 00:00:00 |k Rodrigo Vera | ||
| 490 | 0 | |a Colección Pastoral Aplicada, 164 | |
| 999 | |c 343687 |d 343685 | ||
| 952 | |0 0 |1 0 |4 0 |6 248_894000000000000_GEA_1990 |7 0 |8 A |9 441198 |a BIBTEO |b BIBTEO |d 2019-11-22 |i 4741439 |o 248.894 GEA 1990 |p 4741439 |r 2025-01-17 |w 2019-11-22 |y BK |k ICR | ||